Handbook on Studying in United Kingdom (Record no. 343833)
[ view plain ]
| 000 -LEADER | |
|---|---|
| fixed length control field | 00474 a2200169 4500 |
| 003 - CONTROL NUMBER IDENTIFIER | |
| control field | OSt |
| 005 - DATE AND TIME OF LATEST TRANSACTION | |
| control field | 20180116182655.0 |
| 008 - FIXED-LENGTH DATA ELEMENTS--GENERAL INFORMATION | |
| fixed length control field | 160426b xxu||||| |||| 00| 0 eng d |
| 040 ## - CATALOGING SOURCE | |
| Transcribing agency | 0 |
| 082 ## - DEWEY DECIMAL CLASSIFICATION NUMBER | |
| Classification number | 370.941 |
| 100 ## - MAIN ENTRY--PERSONAL NAME | |
| Personal name | British Council pakistan. |
| 245 ## - TITLE STATEMENT | |
| Title | Handbook on Studying in United Kingdom |
| Statement of responsibility, etc. | British Council pakistan. |
| 260 ## - PUBLICATION, DISTRIBUTION, ETC. | |
| Place of publication, distribution, etc. | Pakistan |
| Name of publisher, distributor, etc. | British Council Pakistan |
| Date of publication, distribution, etc. | 2004-2005 |
| 300 ## - PHYSICAL DESCRIPTION | |
| Extent | 386p |
| 500 ## - GENERAL NOTE | |
| General note | Paper cover |
| 942 ## - ADDED ENTRY ELEMENTS (KOHA) | |
| Institution code [OBSOLETE] | NBS |
| Koha item type | Book |
| Call number prefix | 370.941 BRI |
| Source of classification or shelving scheme | |
| Withdrawn status | Lost status | Damaged status | Not for loan | Permanent Location | Current Location | Date acquired | Total Checkouts | Full call number | Barcode | Date last seen | Date last checked out | Price effective from | Koha item type | Source of classification or shelving scheme | Public note |
|---|---|---|---|---|---|---|---|---|---|---|---|---|---|---|---|
| Central Library (CL) | Central Library (CL) | 08/28/2013 | 1 | 370.941 BRI | NBS5686 | 09/25/2023 | 08/22/2017 | 08/28/2013 | Reference | ||||||
| Write Off | Central Library (CL) | Central Library (CL) | 02/17/2021 | 370.941 BRI | NBS5687 | 02/17/2021 | 02/17/2021 | Book | Write off File No.0908/IRC/NBS Dated Aug 16, 2018 |
